| Tag |
First Indicator |
Second Indicator |
Subfields |
| LEADER |
00000cam a2200000 a 4500 |
| 001 |
in00005672425 |
| 008 |
891128s1990 paua b 001 0 eng |
| 005 |
20251211174824.0 |
| 010 |
|
|
|a 89049507
|
| 035 |
|
|
|a (OCoLC)ocm20823207
|
| 040 |
|
|
|a DLC
|b eng
|c DLC
|d VET
|d NLM
|d UKM
|d MUQ
|d NLGGC
|d BAKER
|d BTCTA
|d YDXCP
|d OCLCO
|d OCLCF
|d OCLCQ
|d AU@
|d UKMGB
|d OCLCO
|d FVC
|d OCLCL
|
| 015 |
|
|
|a GB9168776
|2 bnb
|
| 016 |
7 |
|
|a 9012009
|2 DNLM
|
| 016 |
7 |
|
|a 007746993
|2 Uk
|
| 019 |
|
|
|a 22548618
|a 26302093
|
| 020 |
|
|
|a 072162734X
|
| 020 |
|
|
|a 9780721627342
|
| 035 |
|
|
|a (OCoLC)20823207
|z (OCoLC)22548618
|z (OCoLC)26302093
|
| 050 |
1 |
0 |
|a RK361
|b .P468 1990
|
| 060 |
0 |
0 |
|a WU 240
|b P462t 1990
|
| 082 |
0 |
0 |
|a 617.6/32/0028
|2 20
|
| 084 |
|
|
|a 44.96
|2 bcl
|
| 084 |
|
|
|a GX 90
|2 blsrissc
|
| 100 |
1 |
|
|a Perry, Dorothy A.
|
| 245 |
1 |
0 |
|a Techniques and theory of periodontal instrumentation /
|c Dorothy A. Perry, Phyllis Beemsterboer, Fermin A. Carranza.
|
| 260 |
|
|
|a Philadelphia :
|b W.B. Saunders,
|c 1990.
|
| 300 |
|
|
|a ix, 388 pages :
|b illustrations ;
|c 27 cm
|
| 336 |
|
|
|a text
|b txt
|2 rdacontent
|
| 337 |
|
|
|a unmediated
|b n
|2 rdamedia
|
| 338 |
|
|
|a volume
|b nc
|2 rdacarrier
|
| 504 |
|
|
|a Includes bibliographical references.
|
| 505 |
2 |
|
|a Periodontal Instrumentation -- Fundamentals of Instrumentation -- Periodontal Probing -- Exploring and Detection Techniques -- Sickle Scaler -- Universal Curette -- Area Specific Curette: Gracey Curette Series -- Specialized Instruments -- Ultrasonic Instrumentation -- Gingival Curettage -- Maintenance of Dental Implants -- Polishing and Stain Removal Techniques -- Maintenance of Instruments -- Dentinal Sensitivity and Hypersensitivity -- Results of Periodontal Instrumentation
|
| 650 |
|
0 |
|a Periodontics.
|
| 650 |
|
0 |
|a Periodontics
|x Instruments.
|
| 650 |
|
2 |
|a Periodontics
|x instrumentation
|
| 650 |
|
2 |
|a Periodontics
|
| 650 |
|
6 |
|a Parodontologie.
|
| 650 |
|
6 |
|a Parodontologie
|x Instruments.
|
| 650 |
|
7 |
|a Periodontics.
|2 fast
|0 (OCoLC)fst01058143
|
| 650 |
|
7 |
|a Periodontics
|x Instruments.
|2 fast
|0 (OCoLC)fst01058145
|
| 650 |
1 |
7 |
|a Parodontologie.
|2 gtt
|
| 650 |
1 |
7 |
|a Instrumenten.
|2 gtt
|
| 653 |
0 |
|
|a Dental equipment
|
| 700 |
1 |
|
|a Carranza, Fermin A.
|
| 700 |
1 |
|
|a Beemsterboer, Phyllis.
|
| 758 |
|
|
|i has work:
|a Techniques and theory of periodontal instrumentation (Text)
|1 https://id.oclc.org/worldcat/entity/E39PCYb3k3B8PFJbMghqBq8CpP
|4 https://id.oclc.org/worldcat/ontology/hasWork
|
| 776 |
0 |
8 |
|i Online version:
|a Perry, Dorothy A.
|t Techniques and theory of periodontal instrumentation.
|d Philadelphia : W.B. Saunders, 1990
|w (OCoLC)556381161
|
| 938 |
|
|
|a Baker & Taylor
|b BKTY
|c 52.50
|d 52.50
|i 072162734X
|n 0001728764
|s active
|
| 938 |
|
|
|a Baker and Taylor
|b BTCP
|n 89049507
|
| 938 |
|
|
|a YBP Library Services
|b YANK
|n 601248
|
| 029 |
1 |
|
|a AU@
|b 000006881128
|
| 029 |
1 |
|
|a NLM
|b 9012009
|
| 029 |
1 |
|
|a NZ1
|b 4247115
|
| 029 |
1 |
|
|a UKMGB
|b 007746993
|
| 994 |
|
|
|a Z0
|b TMV
|
| 948 |
|
|
|h NO HOLDINGS IN TMV - 121 OTHER HOLDINGS
|
| 999 |
f |
f |
|s c75bd446-d9b9-496b-b471-a85d93c8805b
|i cb86f8c3-c84b-4770-b65a-fb9bd01e0bd7
|t 0
|
| 952 |
f |
f |
|p ric
|a Texas A&M University
|b Rellis Campus
|c Joint Library Facility
|d Remote Storage
|t 0
|e WU 240 P462t 1990
|h National Library of Medicine classification
|i unmediated -- volume
|m 32061802872444
|
| 998 |
f |
f |
|a WU 240 P462t 1990
|t 0
|l Remote Storage
|